Revistes d'humor a Catalunya (1972-1992) / Joaquim Roglan i Llop
Descripción Física:
205 p. : il. ; 24 cm
Colección:
Vaixells de paper ; 20
MARC
| LEADER | 00000nam a2200000Ia 4500 | ||
|---|---|---|---|
| 001 | 11445 | ||
| 008 | 160829s1996 xx 000 0 cat d | ||
| 080 | |a O-1-42 | ||
| 100 | |a Roglan i Llop, Joaquim |9 25561 | ||
| 245 | |a Revistes d'humor a Catalunya (1972-1992) / Joaquim Roglan i Llop | ||
| 260 | |a Barcelona : |b Diputació de Barcelona : |b Col·legi de Periodistes de Catalunya, |c 1996 | ||
| 300 | |a 205 p. : |b il. ; |c 24 cm | ||
| 490 | |a Vaixells de paper ; 20 | ||
| 650 | |a Humorisme català |x Revistes |x 1972/1992 |9 36748 | ||
| 710 | 2 | |a Col·legi de Periodistes de Catalunya |9 52967 | |
| 710 | 1 | |a Barcelona (Catalunya : Província). |b Diputació |9 52408 | |
| 901 | |a Arxiu | ||
| 942 | |n 1 | ||
| 952 | |0 0 |1 0 |4 0 |6 O142 |7 1 |9 47476 |a Arxiu |b Arxiu |d 2016-12-01 |l 0 |o O-1-42 |p 11445 |r 2016-12-01 00:00:00 |w 2016-12-01 |y ARXIU | ||
| 999 | |c 51275 |d 51275 | ||